| 000 | 00479nam a22001577a 4500 | ||
|---|---|---|---|
| 003 | macl | ||
| 005 | 20221120161744.0 | ||
| 008 | 221120b |||||||| |||| 00| 0 eng d | ||
| 040 | _cmacl | ||
| 082 | _a891.433/MIS/N | ||
| 100 |
_aमिश्र ,डॉ भगवतीशरण _969629 |
||
| 245 | _aपाावक | ||
| 260 |
_aदिल्ली _bआत्माराम एण्ड संस _c2022 |
||
| 650 | _aउपन्यास | ||
| 942 |
_2ddc _cHIN |
||
| 999 |
_c65618 _d65618 |
||